MODIS satellite based net primary productivity of natural rubber in traditional growing region of India (Record no. 49480)

MARC details
000 -LEADER
fixed length control field 00491nam a2200169Ia 4500
100 ## - MAIN ENTRY--AUTHOR NAME
Personal name Meti S
245 #0 - TITLE STATEMENT
Title MODIS satellite based net primary productivity of natural rubber in traditional growing region of India
260 ## - PUBLICATION, DISTRIBUTION, ETC. (IMPRINT)
Name of publisher Journal of Plantation Crops
Year of publication 2018
300 ## - PHYSICAL DESCRIPTION
Number of Pages 57-65
650 ## - SUBJECT ADDED ENTRY--TOPICAL TERM
Topical Term Climate change
650 ## - SUBJECT ADDED ENTRY--TOPICAL TERM
Topical Term MODIS
650 ## - SUBJECT ADDED ENTRY--TOPICAL TERM
Topical Term Natural rubber
650 ## - SUBJECT ADDED ENTRY--TOPICAL TERM
Topical Term Net primary productivity
700 ## - ADDED ENTRY--PERSONAL NAME
Personal name Jacob J
942 ## - ADDED ENTRY ELEMENTS (KOHA)
Koha item type Bibliography STAF
Holdings
Withdrawn status Lost status Damaged status Not for loan Home library Current library Shelving location Date acquired Serial Enumeration / chronology Koha item type
      Bibliography RRII Library RRII Library Climate change 01/01/2021 Volume 46, Issue 1 Bibliography STAF